Kendrick Lamar A-Z - Statistics

General Stats
  • This quiz has been taken 917 times
    599 since last reset
  • The average score is 16 of 21
Answer Stats
Hint Answer % Correct
M m.A.A.d city, man at the garden, Mirror, Momma, Money Trees, Mortal Man, Mother I Sober, Mr Morale
94%
G gloria, gnx, GOD, Good Kid
90%
H The Heart Pt. 5, heart pt. 6, hey now, HiiiPoWeR, Hol' Up, Hood Politics, How Much a Dollar Cost, HUMBLE
90%
L LOVE, LOYALTY, LUST, luther
89%
I i, Institutionalized
88%
S Savior, Savior (Interlude), Sherane a.k.a MSD, Silent Hill, SAMIDOT, The Spiteful Chant, squabble up Swimming Pools
87%
U u, United in Grief, Untitled 01-08
87%
B Backseat Freestyle, Bitch, Don't Kill My Vibe, The Blacker the Berry, BLOOD, Blow My High
86%
A Ab-Souls Outro, A.D.H.D, Alright, The Art of Peer Pressure, Auntie Diaries
84%
D Die Hard, DNA, dodger blue, DUCKWORTH
84%
F Father Time, FEAR, FEEL, For Free?, For Sale?, F*** Your Ethnicity
79%
W wacced out murals, We Cry Together, Wesley's Theory, Worldwide Steppers
78%
C Chapter Six, Chapter Ten, Complexion (A Zulu Love), Compton, Count Me Out, Crown
77%
P peekaboo, Poe Mans Dreams (Her Vice), Poetic Justice, PRIDE, Purple Hearts
76%
R Real, reincarnated, Rich (Interlude), Rich Spirit, Rigamortus, Ronald Reagan Era (His Evils)
76%
X XXX
75%
K Keisha's Song, King Kunta, Kush and Corinthians
70%
T Tammy's Song (Her Evils), These Walls, TV off
64%
N N95, No Make-Up (Her Vice)
57%
Y YAH, You Ain't Gotta Lie (Momma Said)
56%
E ELEMENT
54%
No matching quizzes found
Score Distribution
Percent of People with Each Score
Percentile by Number Answered
Your Score History
You have not taken this quiz since the last reset